Normal view MARC view
  • Cuevas, Carlos E.

Entry Personal Name

Number of records used in: 1

001 - CONTROL NUMBER

  • control field: 152420

003 - CONTROL NUMBER IDENTIFIER

  • control field: DLC

005 - DATE AND TIME OF LATEST TRANSACTION

  • control field: 20260206151633.0

008 - FIXED-LENGTH DATA ELEMENTS

  • fixed length control field: 920821n| acannaab |n aaa

010 ## - LIBRARY OF CONGRESS CONTROL NUMBER

  • LC control number: n 92084408

040 ## - CATALOGING SOURCE

  • Original cataloging agency: DLC
  • Transcribing agency: DLC
  • Modifying agency: DLC

100 10 - HEADING--PERSONAL NAME

  • Personal name: Cuevas, Carlos E.

670 ## - SOURCE DATA FOUND

  • Source citation: His Costos de operación y economías de escala ... 1986:
  • Information found: t.p. (Carlos E. Cuevas) front flap (Chilean engineer in agronomics; currently is ass't. prof. at Ohio State Univ.)

670 ## - SOURCE DATA FOUND

  • Source citation: Cooperative financial institutions, 2006:
  • Information found: CIP t.p. (Carlos E. Cuevas) data sh. (b. Jan. 16, 1946)
Devinim Yazılım Eğitim Danışmanlık tarafından Koha'nın orjinal sürümü uyarlanarak geliştirilip kurulmuştur.